Rabieta trebejos / (Record no. 102570)

MARC details
000 -CABECERA
campo de control de longitud fija 00588nam a2200205 a 4500
005 - FECHA Y HORA DE LA ÚLTIMA TRANSACCIÓN
campo de control 20240228063848.0
008 - ELEMENTOS DE LONGITUD FIJA--INFORMACIÓN GENERAL
campo de control de longitud fija 031027s1999 mx r 000 0 spa d
020 ## - NÚMERO INTERNACIONAL NORMALIZADO PARA LIBROS
Número Internacional Estándar del Libro 9681660803
035 ## - NÚMERO DE CONTROL DEL SISTEMA
Número de control de sistema UPN01000130413
049 ## - COLECCIÓN
Colección I
050 #4 - SIGNATURA TOPOGRÁFICA DE LA BIBLIOTECA DEL CONGRESO
Número de clasificación PZ71
Número de documento/Ítem M6.7
100 1# - ASIENTO PRINCIPAL--NOMBRE PERSONAL
Nombre de persona Monroy, Manuel
245 10 - MENCIÓN DE TÍTULO
Título Rabieta trebejos /
Mención de responsabilidad, etc. Manuel Monroy.
260 ## - PUBLICACIÓN, DISTRIBUCIÓN, ETC.
Lugar de publicación, distribución, etc. México :
Nombre del editor, distribuidor, etc. FCE,
Fecha de publicación, distribución, etc. 1999,
300 ## - DESCRIPCIÓN FÍSICA
Extensión [24] p. :
Otras características físicas principalmente il. col.
440 #4 - MENCIÓN DE SERIE/ASIENTO SECUNDARIO--TÍTULO
Título Los especiales de a la orilla del viento
650 #4 - ASIENTO SECUNDARIO DE MATERIA - TERMINO TEMATICO
Término de materia o nombre geográfico como elemento de entrada Cuentos infantiles
9 (RLIN) 6744
650 #4 - ASIENTO SECUNDARIO DE MATERIA - TERMINO TEMATICO
Término de materia o nombre geográfico como elemento de entrada Libros y lectura para niños
9 (RLIN) 2290
905 ## - TIPO DE MATERIAL
Tipo de material Infantil
Holdings
Estado de retiro Estado de pérdida Fuente del sistema de clasificación o colocación Estado dañado No para préstamo Código de colección Localización permanente Ubicación/localización actual Ubicación en estantería Fecha de adquisición Clasificación Código de barras Fecha visto por última vez Número de copia Tipo de ítem Koha Total de préstamos
    Library of Congress Classification     Infantil Bib. Gregorio Torres Quintero Bib. Gregorio Torres Quintero Sala infantil Planta baja 10/05/2023 PZ71 M6.7 288630 31/12/2020 1 Libro  
    Library of Congress Classification     Infantil Bib. Gregorio Torres Quintero Bib. Gregorio Torres Quintero Sala infantil Planta baja 10/05/2023 PZ71 M6.7 200369 31/12/2020 1 Libro 3